| 000 | 00872nam a2200253 a 4500 | ||
|---|---|---|---|
| 999 |
_c12604 _d12604 |
||
| 001 | 12604 | ||
| 003 | BD-JhCC | ||
| 005 | 20221015101701.0 | ||
| 008 | 221015s20082027bg |||| |||| 000 0 ban d | ||
| 020 | _a98470120000564 | ||
| 035 | _a(BD-JhCC)12604 | ||
| 040 |
_aBD-JhCC _dBD-JhCC |
||
| 041 | _abeg | ||
| 082 |
_a923 _bABD 2017 |
||
| 100 | _aআবদুস সোবহান, আ ন ম | ||
| 245 |
_aঅম্বিকাচরণ মজুমদার / _cআ ন ম আবদুস সোবহান |
||
| 260 |
_aঢাকা : _bকথাপ্রকাশ, _c২০১৭ |
||
| 300 |
_a৪৮ পৃ. : _c২১ সেমি. |
||
| 490 | _aজীবনী গ্রন্থমালা | ||
| 504 | _aগ্রন্থপঞ্জি অন্তর্ভূক্ত। | ||
| 600 | _aMazumder, Ambikacharan | ||
| 650 | _aBiography | ||
| 942 |
_2ddc _cBK |
||